000 00334nam a2200133Ia 4500
008 240624s9999 xx 000 0 und d
041 _aeng
082 _a659.2 FRA
100 _aFRANKLIN BOB
245 _aKEY CONCEPTS IN PUBLIC RELATIONS
260 _c2009
_aLos Angeles
_bSage Publications
300 _a272 : p.
365 _cBPS
_b30
999 _c14366
_d14366